000 00282nam a22001217a 4500
005 20230719115222.0
008 230719b ||||| |||| 00| 0 eng d
040 _cAL
041 _aeng
100 _aPatterson Lewis E
_9127725
245 _acounseling procedures
942 _2ddc
_cBK
999 _c227987
_d227987